Statistics for Countries, US States, Capitals, Elements, 100 Most Common Words: Containing Iran

Click here to take the quiz!

General Stats

  • This quiz has been taken 376 times
  • The average score is 21 of 61

Answer Stats

ANSWER % Correct
{}{I}{}{r}{}{a}{}{n}{}
94%
{}{A}{}{r}{ge}{n}{t}{i}{na}
52%
{}{A}{}{r}{me}{n}{}{i}{a}
50%
{Democ}{r}{}{a}{t}{i}{c Republic of the Co}{n}{go}
49%
{Tu}{r}{kme}{n}{}{i}{st}{a}{n}
49%
{}{A}{ze}{r}{ba}{i}{ja}{n}{}
48%
{}{I}{}{r}{el}{a}{}{n}{d}
48%
{U}{n}{}{i}{ted }{A}{}{r}{ab Emirates}
47%
{C}{a}{l}{i}{fo}{r}{}{n}{ia}
47%
{Fede}{r}{}{a}{ted States of M}{i}{cro}{n}{esia}
46%
{S}{a}{}{i}{}{n}{t Vincent and the G}{r}{enadines}
45%
{}{N}{}{i}{ge}{r}{i}{a}{}
44%
{Bos}{n}{}{i}{}{a}{ and He}{r}{zegovina}
43%
{Ce}{n}{t}{r}{}{a}{l Afr}{i}{can Republic}
43%
{}{A}{}{n}{t}{i}{gua and Ba}{r}{buda}
42%
{T}{i}{}{r}{}{a}{}{n}{a}
41%
{}{R}{om}{a}{}{n}{}{i}{a}
40%
{}{A}{}{r}{}{i}{zo}{n}{a}
40%
{}{N}{}{i}{c}{a}{}{r}{agua}
40%
{Uk}{r}{}{a}{}{i}{}{n}{e}
39%
{}{N}{o}{r}{th C}{a}{rol}{i}{na}
39%
{South C}{a}{}{r}{ol}{i}{}{n}{a}
38%
{T}{r}{}{i}{}{n}{id}{a}{d and Tobago}
38%
{M}{a}{u}{r}{}{i}{ta}{n}{ia}
37%
{B}{a}{h}{r}{a}{i}{}{n}{}
36%
{S}{r}{}{i}{ L}{a}{}{n}{ka}
36%
{V}{i}{}{r}{gi}{n}{i}{a}{}
35%
{}{A}{}{n}{tanana}{r}{}{i}{vo}
35%
{}{N}{}{a}{}{i}{}{r}{obi}
34%
{M}{a}{}{r}{shall }{I}{sla}{n}{ds}
34%
{Dom}{i}{}{n}{ic}{a}{n }{R}{epublic}
34%
{Sw}{i}{tze}{r}{l}{a}{}{n}{d}
34%
{U}{r}{}{a}{}{n}{}{i}{um}
34%
{Su}{r}{}{i}{}{n}{}{a}{me}
34%
{S}{i}{}{n}{g}{a}{po}{r}{e}
33%
{S}{i}{}{n}{g}{a}{po}{r}{e}
33%
{West V}{i}{}{r}{gi}{n}{i}{a}{}
33%
{S}{a}{o Tome a}{n}{d P}{r}{}{i}{ncipe}
33%
{S}{a}{}{n}{ Ma}{r}{}{i}{no}
32%
{S}{a}{}{n}{ Ma}{r}{}{i}{no}
32%
{S}{i}{e}{r}{r}{a}{ Leo}{n}{e}
31%
{S}{r}{}{i}{ J}{a}{yawarde}{n}{apura Kotte}
30%
{}{R}{hode }{I}{sl}{a}{}{n}{d}
29%
{Bu}{r}{k}{i}{}{n}{}{a}{ Faso}
28%
{}{N}{ew H}{a}{mpsh}{i}{}{r}{e}
27%
{Bue}{n}{os }{A}{}{i}{}{r}{es}
27%
{Equ}{a}{to}{r}{}{i}{al Gui}{n}{ea}
27%
{Po}{r}{t-}{a}{u-Pr}{i}{}{n}{ce}
27%
{B}{a}{}{n}{da}{r}{ Ser}{i}{ Begawan}
27%
{C}{a}{l}{i}{fo}{r}{}{n}{ium}
26%
{}{A}{}{r}{se}{n}{}{i}{c}
25%
{F}{r}{}{a}{}{n}{c}{i}{um}
24%
{Po}{r}{t-of-Sp}{a}{}{i}{}{n}{}
24%
{Ge}{r}{m}{a}{}{n}{}{i}{um}
23%
{C}{a}{}{r}{so}{n}{ C}{i}{ty}
22%
{S}{a}{}{i}{}{n}{t Geo}{r}{ge's}
22%
{P}{r}{}{i}{sti}{n}{}{a}{}
22%
{Ho}{n}{}{i}{}{a}{}{r}{a}
17%
{Mo}{n}{}{r}{ov}{i}{}{a}{}
16%
{P}{r}{ot}{a}{ct}{i}{}{n}{ium}
12%
{L}{a}{w}{r}{e}{n}{c}{i}{um}
9%

Score Distribution

Percentile by Number Answered

Percent of People with Each Score

Your Score History

You have not taken this quiz